000
00215 a2200097 4500
001
44009
100
_a
Niazi K
245
_a
Towards understanding Islam
260
_a
Lahore
_b
Sh M Ashraf
_c
090
_c
27750
_d
27750
942
_a
NUST-CAE
_c
M
_c
19725
999
_c
279082
_d
279082